| 000 | 00891nam a2200289Ia 4500 | ||
|---|---|---|---|
| 001 | E7589 | ||
| 003 | IT-RoPAU | ||
| 008 | 130308s9999 xx 000 0 und d | ||
| 040 | _aIT-RoPAU | ||
| 040 | _cIT-RoPAU | ||
| 041 | _aINGLESE | ||
| 100 | _aPhilo Greg | ||
| 100 | _gCodice Aut. SPICS: 6591 | ||
| 245 | _aGetting the Message - Audience Research in the Glasgow University Media Group | ||
| 245 | _bGetting The Message-News, Truth And Power | ||
| 250 | _a1a ed. | ||
| 260 | _aLONDON AND NEW YORK | ||
| 260 | _bRoutledge | ||
| 260 | _c1993 [1° Ed.:1993 - Ed.Ling.Originale:1993] | ||
| 300 | _a"18 p. (prefazione: no ; testo: 18 [pagine: 253-270])" | ||
| 500 | _aRicerca su Ascolto nel Glasgow University Media Group. metodologie di Ricerca. | ||
| 650 | _aTEORICHE GIORNALISTICHE | ||
| 650 | _eCodice materia Spics: 7055 | ||
| 942 | _cBK | ||
| 957 | _71 | ||
| 999 |
_c86271 _d86271 |
||
| 999 | _g1 | ||